| Tag |
First Indicator |
Second Indicator |
Subfields |
| LEADER |
00000cem a2200000 a 4500 |
| 001 |
in00000897613 |
| 005 |
20150924111809.0 |
| 007 |
aj canzn |
| 008 |
900328s1989 vauag bh a f 1 eng d |
| 010 |
|
|
|a gp 90010051
|
| 034 |
1 |
|
|a a
|b 100000
|d W0820000
|e W0810000
|f N0343000
|g N0340000
|
| 035 |
|
|
|a (OCoLC)21278177
|
| 035 |
|
|
|9 AEN9060AM
|
| 040 |
|
|
|a GPO
|c GPO
|d UtOrBLW
|
| 052 |
|
|
|a 3911
|
| 074 |
|
|
|a 619-G-25
|
| 086 |
0 |
|
|a I 19.110:34081-A 1-TM-100/986
|
| 110 |
2 |
|
|a Geological Survey (U.S.)
|
| 245 |
1 |
0 |
|a Newberry, South Carolina, 1986 :
|b 1:100 000-scale metric topographic map : 30 x 60 minute series (topographic) /
|c produced by the United States Geological Survey.
|
| 255 |
|
|
|a Scale 1:100,000. 1 cm. on the map represents 1 km. on the ground ;
|b universal transverse Mercator proj.
|c (W 8200ʹ--W 8100ʹ/N 3430ʹ--N 3400ʹ).
|
| 264 |
|
1 |
|a Reston, Va. :
|b The Survey ;
|c [1989]
|
| 264 |
|
2 |
|a Denver, Colo. :
|b For sale by the Survey,
|
| 300 |
|
|
|a 1 map :
|b color ;
|c 61 x 111 cm.
|
| 336 |
|
|
|a cartographic image
|b cri
|2 rdacontent
|
| 337 |
|
|
|a unmediated
|b n
|2 rdamedia
|
| 338 |
|
|
|a sheet
|b nb
|2 rdacarrier
|
| 500 |
|
|
|a Relief shown by contours and spot heights.
|
| 500 |
|
|
|a Filing title: Newberry, South Carolina.
|
| 500 |
|
|
|a "Map edited 1986."
|
| 500 |
|
|
|a Designed to be folded to 21 x 11 cm.
|
| 500 |
|
|
|a Includes location map and index to adjoining maps.
|
| 500 |
|
|
|a "34081-A1-TM-100."
|
| 500 |
|
|
|a Cartographic material.
|
| 651 |
|
0 |
|a South Carolina
|x Maps, Topographic.
|
| 740 |
0 |
|
|a Newberry, South Carolina.
|
| 999 |
|
|
|a MARS
|
| 999 |
f |
f |
|s c71bdb29-5f4c-3137-bb52-af2a39a0ece7
|i b382d5b7-23e9-319f-a01c-dc81ec5af4df
|t 0
|
| 952 |
f |
f |
|p normal
|a Texas A&M University
|b College Station
|c Sterling C. Evans Library
|d Evans: Maps (2nd floor)
|t 0
|e G3701.C1 s100 .U5 Newberry SC
|h Library of Congress classification
|i unmediated -- sheet
|m A14816678046
|
| 998 |
f |
f |
|a G3701.C1 s100 .U5 Newberry SC
|t 0
|l Evans: Maps (2nd floor)
|